El Salvador: ante los hechos históricos recientes

Uloženo v:
Podrobná bibliografie
Médium: Text
Jazyk:Spanish
Témata:
Tagy: Přidat tag
Žádné tagy, Buďte první, kdo vytvoří štítek k tomuto záznamu!

MARC

LEADER 00000 a a2200000 04500
001 18024
003 cru CIDCACS/IIS
005 20191115134227.0
008 191115b ||||| |||| 00| 0 spa d
999 |c 20284  |d 20284 
040 |c cru CIDCACS/IIS 
245 |a El Salvador:   |b ante los hechos históricos recientes 
650 |a POLITICA  
650 |a COMUNISMO  
650 |a MILITARISMO  
650 |a DERECHA  
650 |a CAMPESINADO  
650 |a EL SALVADOR  
773 |g volumen 4, número 9; páginas 97  
942 |2 ddc  |c PP 
773 0 |0 42391  |9 3805  |a Agencia Latinoamericana de Información, ALAI  |d Quito, Ecuador: ALAI  |o 03800  |t ALAI:  |x 08275564 (Servicio mensual de información y documentación)